Success through a positive mental attitude / (Record no. 7803)
[ view plain ]
| 000 -LEADER | |
|---|---|
| fixed length control field | 01207cam a2200325 a 4500 |
| 001 - CONTROL NUMBER | |
| JCCL Control Number | 7803 |
| 003 - CONTROL NUMBER IDENTIFIER | |
| JCCL marc code | BD-JhCC |
| 005 - DATE AND TIME OF LATEST TRANSACTION | |
| control field | 20220117134015.0 |
| 008 - FIXED-LENGTH DATA ELEMENTS--GENERAL INFORMATION | |
| fixed length control field | 070731s2007 nyu b 001 0 eng |
| 020 ## - INTERNATIONAL STANDARD BOOK NUMBER | |
| International Standard Book Number | 9781416541592 (pbk.) |
| 020 ## - INTERNATIONAL STANDARD BOOK NUMBER | |
| International Standard Book Number | 1416541594 (pbk.) |
| 035 ## - SYSTEM CONTROL NUMBER | |
| system control number | (BD-JhCC)7803 |
| 040 ## - CATALOGING SOURCE | |
| Original cataloging agency | DLC |
| Transcribing agency | DLC |
| Modifying agency | DLC |
| -- | BD-JhCC |
| 041 ## - LANGUAGE CODE | |
| Language code of Book | eng |
| 050 00 - LIBRARY OF CONGRESS CALL NUMBER | |
| Classification number | BF637.S8 |
| Item number | H5 2007 |
| 082 00 - DEWEY DECIMAL CLASSIFICATION NUMBER | |
| Classification number | 158.1 |
| DDC Edition number | 22 |
| Author mark and Year | HIL 2007 |
| 100 1# - MAIN ENTRY--PERSONAL NAME | |
| Personal name | Hill, Napoleon, |
| Dates associated with a name | 1883-1970. |
| 245 10 - TITLE STATEMENT | |
| Title | Success through a positive mental attitude / |
| Statement of responsibility, etc | Napoleon Hill and W. Clement Stone ; with a new introduction by W. Clement Stone. |
| 250 ## - EDITION STATEMENT | |
| Edition statement | [Rev. ed.]. |
| 260 ## - PUBLICATION, DISTRIBUTION, ETC. (IMPRINT) | |
| Place of publication, distribution, etc | New York : |
| Name of publisher, distributor, etc | Pocket Books, |
| Date of publication, distribution, etc | [c2007?] |
| 300 ## - PHYSICAL DESCRIPTION | |
| Pagination | xxiii, 356 p. ; |
| Dimensions | 21 cm. |
| 504 ## - BIBLIOGRAPHY, ETC. NOTE | |
| Bibliography, etc | Includes bibliographical references (p. 339-342) and index. |
| 650 #0 - SUBJECT ADDED ENTRY--TOPICAL TERM | |
| Topical term or geographic name as entry element | Success. |
| 700 1# - ADDED ENTRY--PERSONAL NAME | |
| Personal name | Stone, W. Clement, |
| Dates associated with a name | 1902-2002. |
| 856 41 - ELECTRONIC LOCATION AND ACCESS | |
| Materials specified | Table of contents only |
| Uniform Resource Identifier | http://www.loc.gov/catdir/enhancements/fy0740/2007278911-t.html |
| 856 41 - ELECTRONIC LOCATION AND ACCESS | |
| Materials specified | Sample text |
| Uniform Resource Identifier | http://www.loc.gov/catdir/enhancements/fy0740/2007278911-s.html |
| 856 42 - ELECTRONIC LOCATION AND ACCESS | |
| Materials specified | Publisher description |
| Uniform Resource Identifier | http://www.loc.gov/catdir/enhancements/fy0740/2007278911-d.html |
| 942 ## - ADDED ENTRY ELEMENTS (KOHA) | |
| Source of classification or shelving scheme | Dewey Decimal Classification |
| Koha item type | Books |
| Koha issues (borrowed), all copies | 2 |
| Source of classification or shelving scheme | Damaged status | Not for loan | Home library | Current library | Shelving location | Date of accession | Total Checkouts | Full call number | Barcode | Date last seen | Date checked out | Copy number | Method of acquisition | Koha item type | Source of acquisition | Cost, normal purchase price | Currency |
|---|---|---|---|---|---|---|---|---|---|---|---|---|---|---|---|---|---|
| Dewey Decimal Classification | JCC Rouf Library | JCC Rouf Library | General Stacks | 02/05/2024 | 2 | 158.1 HIL 2007 | 10411 | 02/05/2024 | 01/16/2022 | C-1 | Purchase | Books | |||||
| Dewey Decimal Classification | JCC Rouf Library | JCC Rouf Library | General Stacks | 1 | 158.1 HIL 2023 | 19797 | 01/27/2025 | 01/22/2025 | C-2 | Gift/Donation | Books | With the compliments of Maj (Retd) Syed Sakhawat Hussain,07/0388/K | 400.00 | BDT |